000 00268nam a2200109 a 4500
005 20140414132031.0
008 110317s19uu xx 00 eng d
050 _aTR
_bL78 2006
100 _aWilhelm, Hans, 1945-
245 _aThe Lord is my shepherd.
999 _c113636
_d113636